[Event "Scarborough CC Jack Frost"]
[Site "Toronto CAN"]
[Date "2010.02.04"]
[Round "5"]
[White "Azmitia, Gabriel"]
[Black "Ward, Dean"]
[Result "0-1"]
[WhiteElo "1526"]
[BlackElo "1772"]
[PlyCount "60"]
[EventDate "2010.01.07"]
[EventType "swiss"]
[EventRounds "6"]
[EventCountry "CAN"]

1. Nf3 d5 2. d4 c6 3. b3 Nf6 4. Bb2 Ne4 5. Nfd2 Qa5 6. f3 Nxd2 7. Nxd2 Bf5 8.
e3 e6 9. a3 Nd7 10. Be2 Bd6 11. O-O Qc7 12. f4 O-O 13. Rc1 c5 14. Rf2 cxd4 15.
exd4 Bxf4 16. g3 Be3 17. Kg2 Bxf2 18. Kxf2 Nf6 19. Bf3 Rac8 20. c4 dxc4 21.
bxc4 Qb6 22. Ba1 Rfd8 23. c5 Qb5 24. a4 Qd7 25. Nc4 Be4 26. Nd6 Bxf3 27. Qxf3
Rb8 28. a5 Qc6 29. Qf4 Rxd6 30. Qxd6 Ne4+ 0-1

[Event "Scarborough CC Jack Frost"]
[Site "Toronto CAN"]
[Date "2010.02.04"]
[Round "5"]
[White "Cale, Ferdinand"]
[Black "Song, Michael"]
[Result "0-1"]
[WhiteElo "1568"]
[BlackElo "1849"]
[PlyCount "88"]
[EventDate "2010.01.07"]
[EventType "swiss"]
[EventRounds "6"]
[EventCountry "CAN"]

1. c4 e5 2. e4 Nf6 3. d3 Nc6 4. Nf3 Bc5 5. h3 d6 6. Nc3 h6 7. a3 a5 8. Bd2 O-O
9. Rb1 Ne8 10. Qe2 f5 11. Be3 Nd4 12. Bxd4 Bxd4 13. Nxd4 exd4 14. Nd1 fxe4 15.
dxe4 Nf6 16. f3 c5 17. Nf2 Nh5 18. Rg1 Ng3 19. Qd2 Qe8 20. Kd1 Be6 21. Bd3 Qf7
22. Rc1 Nh5 23. a4 Nf4 24. b3 Nxg2 25. Be2 Nf4 26. Ng4 Bxg4 27. Rxg4 Nxe2 28.
Qxe2 Qxf3 29. Kd2 Qxe2+ 30. Kxe2 Rf7 31. Rcg1 Raf8 32. R1g2 Kh8 33. Rg6 Rd7 34.
R2g3 Kh7 35. Re6 Rff7 36. Kd3 Rf6 37. Re8 Rdf7 38. Rd8 g5 39. h4 gxh4 40. Rgg8
Rf3+ 41. Ke2 Rf2+ 42. Ke1 Rf1+ 43. Ke2 R7f2+ 44. Kd3 Rd1# 0-1

[Event "Scarborough CC Jack Frost"]
[Site "Toronto CAN"]
[Date "2010.02.04"]
[Round "5"]
[White "Casareno, Erwin"]
[Black "Hacatoglu, Kevork"]
[Result "1-0"]
[WhiteElo "2204"]
[BlackElo "2209"]
[PlyCount "89"]
[EventDate "2010.01.07"]
[EventType "swiss"]
[EventRounds "6"]
[EventCountry "CAN"]

1. e4 e6 2. d4 d5 3. Nc3 Bb4 4. e5 c5 5. a3 Bxc3+ 6. bxc3 Qc7 7. Qg4 f5 8. Qh5+
g6 9. Qe2 cxd4 10. c4 b5 11. Nf3 bxc4 12. Nxd4 Ne7 13. Bd2 Qb6 14. Be3 Qb2 15.
Qd1 Qc3+ 16. Ke2 Nbc6 17. f4 Nxd4+ 18. Bxd4 Qa5 19. h4 Bd7 20. h5 O-O-O 21. Rh3
Ba4 22. Bc3 Qa6 23. Bb4 Nc6 24. Bd6 Bxc2 25. Qc1 Qb6 26. Ra2 Bd3+ 27. Rxd3
cxd3+ 28. Kf3 Kd7 29. Rb2 Nd4+ 30. Kg3 Rc8 31. Qb1 Nb3 32. Qxd3 Nc1 33. Rxb6
Nxd3 34. Rb7+ Kc6 35. Rxa7 Nb2 36. Ba6 Kb6 37. Bxc8 Kxa7 38. Bxe6 gxh5 39. Bxd5
Nd3 40. Be6 h4+ 41. Kf3 Ne1+ 42. Kf2 Nd3+ 43. Ke3 Ne1 44. Bc5+ Kb8 45. Bxf5 1-0

[Event "Scarborough CC Jack Frost"]
[Site "Toronto CAN"]
[Date "2010.02.04"]
[Round "5"]
[White "Conte, Mike"]
[Black "Huston, Scott"]
[Result "1-0"]
[WhiteElo "1801"]
[BlackElo "1598"]
[PlyCount "49"]
[EventDate "2010.01.07"]
[EventType "swiss"]
[EventRounds "6"]
[EventCountry "CAN"]

1. e4 c5 2. Nc3 a6 3. g3 Nc6 4. Bg2 e6 5. Nge2 g6 6. O-O Bg7 7. f4 Nge7 8. d3
O-O 9. Be3 b6 10. Qd2 f5 11. Rad1 d5 12. exd5 exd5 13. d4 c4 14. Kh1 Bb7 15.
Ng1 Qd7 16. Nf3 Rad8 17. Ne5 Nxe5 18. fxe5 Qe6 19. Rde1 Bc6 20. Bg5 Rd7 21. Ne2
Bb5 22. c3 Ra7 23. Nf4 Qc6 24. Bxe7 Rxe7 25. Bxd5+ 1-0

[Event "Scarborough CC Jack Frost"]
[Site "Toronto CAN"]
[Date "2010.02.04"]
[Round "5"]
[White "Ferreira, Alex"]
[Black "Bellomo, Joe"]
[Result "1-0"]
[WhiteElo "2060"]
[BlackElo "1748"]
[PlyCount "87"]
[EventDate "2010.01.07"]
[EventType "swiss"]
[EventRounds "6"]
[EventCountry "CAN"]

1. e4 c5 2. Nf3 d6 3. d4 cxd4 4. Nxd4 Nf6 5. Nc3 a6 6. a4 Bd7 7. Bc4 e6 8. O-O
Nc6 9. Nf3 Be7 10. Qe2 O-O 11. Rd1 Qc7 12. Bf4 Rac8 13. Rd2 Ne5 14. Bxe5 dxe5
15. Bb3 Bb4 16. Rd3 Bc6 17. Na2 Ba5 18. Ng5 Qe7 19. Nc3 h6 20. Nf3 Bxc3 21.
Rxc3 Bxe4 22. Rxc8 Rxc8 23. Nd2 Bd5 24. c4 Bc6 25. Qxe5 Ng4 26. Qf4 Qh4 27. h3
Qf6 28. Qxg4 Qxb2 29. Ra2 Qc1+ 30. Qd1 Qc3 31. Nf1 Qf6 32. Rd2 Qg5 33. Ne3 f5
34. g4 Qh4 35. Kh2 Rf8 36. Ng2 Qf6 37. gxf5 exf5 38. Rd6 Qg5 39. c5+ Kh8 40.
Bd5 Be8 41. f4 Qe7 42. Qe1 Qc7 43. Qe5 Bxa4 44. Rxh6# 1-0

[Event "Scarborough CC Jack Frost"]
[Site "Toronto CAN"]
[Date "2010.02.04"]
[Round "5"]
[White "Gillis, Doug"]
[Black "Jizan, Masoud"]
[Result "0-1"]
[WhiteElo "1692"]
[BlackElo "1774"]
[PlyCount "72"]
[EventDate "2010.01.07"]
[EventType "swiss"]
[EventRounds "6"]
[EventCountry "CAN"]

1. e4 e6 2. d4 d5 3. Nc3 Nf6 4. e5 Nfd7 5. Qh5 Nc6 6. Nf3 h6 7. Ng5 g6 8. Qh3
Nxd4 9. Bd3 Nxe5 10. Bf4 hxg5 11. Qxh8 Nxd3+ 12. cxd3 Nc2+ 13. Kd2 Nxa1 14. Be5
Bd7 15. Bg7 Qe7 16. Bf6 Qb4 17. Kc1 Ba4 18. Kb1 Nc2 19. Rc1 Na3+ 20. Ka1 Qf4
21. Rf1 Nb5 22. Be5 Qb4 23. Qf6 Bc2 24. Rc1 Bxd3 25. Nxb5 Bxb5 26. Qxg5 c5 27.
Bc3 Qa4 28. b3 Qa6 29. Re1 d4 30. Bd2 Be7 31. Qe5 O-O-O 32. Qg7 Be8 33. Rc1 Qd3
34. Bf4 Qf5 35. Bg3 d3 36. Qc3 Bf6 0-1

[Event "Scarborough CC Jack Frost"]
[Site "Toronto CAN"]
[Date "2010.02.04"]
[Round "5"]
[White "Hahnewald, Uwe"]
[Black "Yuan, Yuanling"]
[Result "0-1"]
[WhiteElo "1911"]
[BlackElo "2324"]
[PlyCount "80"]
[EventDate "2010.01.07"]
[EventType "swiss"]
[EventRounds "6"]
[EventCountry "CAN"]

1. e4 c5 2. c3 d5 3. exd5 Qxd5 4. d4 Nc6 5. Nf3 Bg4 6. dxc5 Qxd1+ 7. Kxd1 e5 8.
b4 e4 9. h3 O-O-O+ 10. Kc2 Bxf3 11. gxf3 exf3 12. Bf4 Nge7 13. Nd2 Nd5 14. Bg3
g6 15. Ne4 f5 16. Nd6+ Bxd6 17. Bxd6 Rhe8 18. Bc4 Nf6 19. Bf7 Re2+ 20. Kb3 Ne8
21. Bc4 Re4 22. Rhe1 Nxd6 23. cxd6 Rxd6 24. Rxe4 fxe4 25. Kc2 Ne5 26. Bf1 Nd7
27. Rd1 Rxd1 28. Kxd1 Kc7 29. Kd2 Kd6 30. Ke3 Ke5 31. Bc4 Nf6 32. Bb3 Nd5+ 33.
Kd2 Nf4 34. h4 Ng2 35. c4 Nxh4 36. c5 Nf5 37. b5 Nd4 38. Bc4 h5 39. Ke3 h4 40.
Bf1 Nb3 0-1

[Event "Scarborough CC Jack Frost"]
[Site "Toronto CAN"]
[Date "2010.02.04"]
[Round "5"]
[White "Hall, John"]
[Black "Verde, Pino"]
[Result "0-1"]
[WhiteElo "2260"]
[BlackElo "1824"]
[PlyCount "116"]
[EventDate "2010.01.07"]
[EventType "swiss"]
[EventRounds "6"]
[EventCountry "CAN"]

1. d4 Nf6 2. Nf3 d6 3. c4 Nbd7 4. Nc3 e5 5. e4 Be7 6. Be2 c6 7. O-O O-O 8. Qc2
Re8 9. Rd1 Qc7 10. Rb1 a5 11. a3 exd4 12. Nxd4 Ne5 13. h3 Bd7 14. Be3 Qc8 15.
Nf5 Bxf5 16. exf5 d5 17. cxd5 cxd5 18. Rbc1 Nc4 19. Bd4 Nd6 20. Bxf6 Bxf6 21.
Nxd5 Qxc2 22. Nxf6+ gxf6 23. Rxc2 Nxf5 24. Rd7 Rad8 25. Rxd8 Rxd8 26. Bg4 Nd6
27. Rc7 f5 28. Bf3 Kg7 29. Kh2 Kf6 30. Kg3 b5 31. Kf4 Nc4 32. Rc6+ Rd6 33.
Rxd6+ Nxd6 34. Be2 h6 35. Bd3 Ke6 36. g3 b4 37. axb4 axb4 38. h4 Kd5 39. Ke3
Nc4+ 40. Bxc4+ Kxc4 41. Kd2 h5 42. Kc2 b3+ 43. Kd2 Kd4 44. Ke2 f6 45. Kd2 Ke4
46. Ke2 f4 47. f3+ Kf5 48. Kf2 fxg3+ 49. Kxg3 Ke5 50. Kf2 Kf4 51. Ke2 Kg3 52.
Ke3 f5 53. f4 Kg4 54. Kd4 Kxf4 55. Kc4 Ke3 56. Kxb3 f4 57. Kc2 f3 58. Kd1 f2
0-1

[Event "Scarborough CC Jack Frost"]
[Site "Toronto CAN"]
[Date "2010.02.04"]
[Round "5"]
[White "Haziprodromu, Sam"]
[Black "Zhou, Kevin"]
[Result "1-0"]
[WhiteElo "1916"]
[BlackElo "1903"]
[PlyCount "77"]
[EventDate "2010.01.07"]
[EventType "swiss"]
[EventRounds "6"]
[EventCountry "CAN"]

1. e4 e5 2. Nf3 Nc6 3. Bb5 a6 4. Ba4 Nf6 5. O-O Be7 6. Re1 b5 7. Bb3 d6 8. c3
O-O 9. h3 Na5 10. Bc2 c5 11. d3 Nd7 12. Nbd2 Nb6 13. Nf1 f5 14. exf5 Bxf5 15.
Ng3 Bc8 16. d4 exd4 17. cxd4 Nc6 18. d5 Nb8 19. Bxh7+ Kxh7 20. Rxe7 Qxe7 21.
Ng5+ Kg8 22. Qh5 g6 23. Qxg6+ Qg7 24. Qxd6 Qf6 25. Qxc5 N8d7 26. Qc2 Qg7 27.
Ne6 Qf7 28. Bh6 Nxd5 29. Nxf8 Nxf8 30. Re1 Qg6 31. Qd2 Bb7 32. Re5 Nf6 33. Re7
Qb1+ 34. Kh2 Be4 35. Nxe4 Nxe4 36. Qd5+ Kh8 37. Bg7+ Kh7 38. Qh5+ Kg8 39. Qh8#
1-0

[Event "Scarborough CC Jack Frost"]
[Site "Toronto CAN"]
[Date "2010.02.04"]
[Round "5"]
[White "Mahoney, Ian"]
[Black "Krupka, David"]
[Result "0-1"]
[WhiteElo "1570"]
[BlackElo "2047"]
[PlyCount "58"]
[EventDate "2010.01.07"]
[EventType "swiss"]
[EventRounds "6"]
[EventCountry "CAN"]

1. e4 c6 2. d4 d5 3. Nc3 dxe4 4. Nxe4 Nf6 5. Ng3 Bg4 6. N1e2 g6 7. h3 Bd7 8.
Nf4 Na6 9. Bc4 Nc7 10. c3 b5 11. Bb3 Bg7 12. O-O O-O 13. Re1 e6 14. h4 Nfd5 15.
h5 g5 16. Nd3 f5 17. Ne5 Be8 18. a4 Qf6 19. axb5 cxb5 20. Qf3 g4 21. Qd1 Qh4
22. h6 Bxe5 23. Rxe5 Rf6 24. Qe2 f4 25. Ne4 Rxh6 26. f3 Qh1+ 27. Kf2 g3+ 28.
Nxg3 fxg3+ 29. Kxg3 Qh4# 0-1

[Event "Scarborough CC Jack Frost"]
[Site "Toronto CAN"]
[Date "2010.02.04"]
[Round "5"]
[White "Marcille, Gord"]
[Black "Yusuf, Magas"]
[Result "1/2-1/2"]
[WhiteElo "1827"]
[BlackElo "1614"]
[PlyCount "45"]
[EventDate "2010.01.07"]
[EventType "swiss"]
[EventRounds "6"]
[EventCountry "CAN"]

1. e4 e5 2. Nf3 Nf6 3. Nc3 Nc6 4. Bc4 Nxe4 5. d3 Nxc3 6. bxc3 d5 7. Bb5 Qd6 8.
O-O g6 9. Nxe5 Bg7 10. Bf4 O-O 11. Nxc6 Qxf4 12. Ne7+ Kh8 13. Nxd5 Qd6 14. Bc4
c6 15. Ne3 Bxc3 16. Rb1 b5 17. Bb3 a5 18. a4 Bb7 19. Qg4 Qd4 20. Qf3 Qf6 21.
Qg3 Be5 22. Qg4 Qf4 23. Qxf4 1/2-1/2

[Event "Scarborough CC Jack Frost"]
[Site "Toronto CAN"]
[Date "2010.02.04"]
[Round "5"]
[White "Moran-Venegas, Mario"]
[Black "Bzikot, Robert"]
[Result "1/2-1/2"]
[WhiteElo "1634"]
[BlackElo "1916"]
[PlyCount "43"]
[EventDate "2010.01.07"]
[EventType "swiss"]
[EventRounds "6"]
[EventCountry "CAN"]

1. e4 d6 2. d4 Nf6 3. Bd3 g6 4. f4 Bg7 5. Nf3 c5 6. e5 Nfd7 7. c3 O-O 8. O-O
cxd4 9. cxd4 Qb6 10. Nbd2 dxe5 11. Nc4 Qc7 12. fxe5 Nb6 13. b3 Nc6 14. Bb2 h6
15. Kh1 Nd5 16. Qd2 Be6 17. Rac1 Rfd8 18. Bb1 Qd7 19. Na5 Nxa5 20. Qxa5 b6 21.
Qd2 Rac8 22. Rxc8 1/2-1/2

[Event "Scarborough CC Jack Frost"]
[Site "Toronto CAN"]
[Date "2010.02.04"]
[Round "5"]
[White "Moysoski, Randy"]
[Black "Xie, Peter"]
[Result "1-0"]
[WhiteElo "1969"]
[BlackElo "1556"]
[PlyCount "57"]
[EventDate "2010.01.07"]
[EventType "swiss"]
[EventRounds "6"]
[EventCountry "CAN"]

1. e4 e5 2. f4 Bc5 3. Nf3 Nc6 4. fxe5 Nxe5 5. Nc3 Nxf3+ 6. Qxf3 Qf6 7. Be2 Qxf3
8. Bxf3 d6 9. Nd5 Bb6 10. a4 c6 11. Nxb6 axb6 12. b3 f5 13. d3 fxe4 14. dxe4
Nf6 15. Bb2 O-O 16. O-O Be6 17. Rfd1 Rad8 18. a5 bxa5 19. Rxa5 c5 20. Rb5 Rd7
21. Rb6 Rfd8 22. Ra1 Re7 23. c4 Bc8 24. Re1 Nd7 25. Rxd6 Rde8 26. Red1 Ne5 27.
R1d5 Bg4 28. Rxe5 Bxf3 29. Rxe7 1-0

[Event "Scarborough CC Jack Frost"]
[Site "Toronto CAN"]
[Date "2010.02.04"]
[Round "5"]
[White "Pedersen, Rune"]
[Black "Southam, David"]
[Result "1/2-1/2"]
[WhiteElo "2356"]
[BlackElo "2158"]
[PlyCount "94"]
[EventDate "2010.01.07"]
[EventType "swiss"]
[EventRounds "6"]
[EventCountry "CAN"]

1. e4 c5 2. Nf3 e6 3. d4 cxd4 4. Nxd4 Nc6 5. Nxc6 bxc6 6. Nc3 d5 7. Bd3 Nf6 8.
Qf3 Be7 9. O-O O-O 10. Re1 a5 11. e5 Nd7 12. Qh5 g6 13. Qh6 Re8 14. Bf4 Ba6 15.
Rad1 Bf8 16. Qh3 Bxd3 17. Rxd3 Bg7 18. Qg3 Qe7 19. Rf3 Rab8 20. b3 Rb4 21. Bd2
Rb7 22. Na4 Ra8 23. Bg5 Qf8 24. Nb2 Nc5 25. Qh4 Rb4 26. c4 Rb7 27. cxd5 cxd5
28. Rh3 h6 29. Bf6 Rb4 30. Bxg7 Qxg7 31. Qe7 Qf8 32. Qxf8+ Kxf8 33. Rc1 Rb5 34.
Rxh6 Kg7 35. Rh4 a4 36. Nxa4 Nxa4 37. Rxa4 Rxa4 38. bxa4 Ra5 39. Ra1 Rxa4 40.
a3 g5 41. Kf1 Kg6 42. g4 f6 43. exf6 Kxf6 44. h3 Ke5 45. Re1+ Kd6 46. Re3 d4
47. Rd3 Kd5 1/2-1/2

[Event "Scarborough CC Jack Frost"]
[Site "Toronto CAN"]
[Date "2010.02.04"]
[Round "5"]
[White "Philip, Andrew"]
[Black "Wang, Jesse BJ"]
[Result "0-1"]
[WhiteElo "1612"]
[BlackElo "2095"]
[PlyCount "103"]
[EventDate "2010.01.07"]
[EventType "swiss"]
[EventRounds "6"]
[EventCountry "CAN"]

1. d4 Nf6 2. Bg5 g6 3. c4 Bg7 4. Nc3 O-O 5. e4 d6 6. Qd2 e5 7. d5 Re8 8. O-O-O
Nbd7 9. Nge2 Nc5 10. Ng3 Qd7 11. f3 Na4 12. h4 h5 13. Nge2 Nb6 14. b3 Nh7 15.
Bh6 Bf6 16. g3 Qd8 17. Be3 Nf8 18. Ng1 Nbd7 19. Nh3 a5 20. Ng5 Nc5 21. Be2 Ra6
22. g4 hxg4 23. fxg4 c6 24. h5 Qb6 25. dxc6 Qxc6 26. Bf3 Be6 27. hxg6 fxg6 28.
Qh2 Re7 29. Qf2 Rb6 30. Nd5 Bxd5 31. exd5 Qc8 32. Be2 Bg7 33. Qh4 e4 34. Ne6
Rxe6 35. dxe6 Qxe6 36. Bd4 Bxd4 37. Rxd4 Qe5 38. Rhd1 Nd3+ 39. Bxd3 Qxd4 40.
Bc2 Qa1+ 41. Kd2 Qe5 42. Qf2 Rc6 43. Rf1 e3+ 44. Qxe3 Qxe3+ 45. Kxe3 d5 46. Bd3
Nd7 47. cxd5 Rd6 48. Kd4 Kg7 49. Rc1 Nf6 50. Rc7+ Kh6 51. Rxb7 Rxd5+ 52. Kc4
0-1

[Event "Scarborough CC Jack Frost"]
[Site "Toronto CAN"]
[Date "2010.02.04"]
[Round "5"]
[White "Rapoport, Alexander"]
[Black "Takov, Chris"]
[Result "0-1"]
[WhiteElo "1855"]
[BlackElo "1734"]
[PlyCount "118"]
[EventDate "2010.01.07"]
[EventType "swiss"]
[EventRounds "6"]
[EventCountry "CAN"]

1. d4 d5 2. e3 Nf6 3. Nf3 Bg4 4. Be2 c6 5. O-O e6 6. Nbd2 Nbd7 7. b3 g6 8. Bb2
Bg7 9. Re1 O-O 10. Nf1 Ne4 11. h3 Bxf3 12. Bxf3 f5 13. c4 Rf7 14. Qc2 Qh4 15.
Rad1 g5 16. Ba3 g4 17. Bxe4 fxe4 18. hxg4 Qxg4 19. Qe2 Qh4 20. Bd6 Nf6 21. Bg3
Qg5 22. Nh2 h5 23. Bf4 Qg6 24. Kh1 Ng4 25. Nxg4 hxg4 26. g3 Qh5+ 27. Kg1 e5 28.
dxe5 Bxe5 29. Qf1 Bxf4 30. exf4 Rh7 31. Qg2 Kf7 32. Kf1 Qh1+ 33. Qxh1 Rxh1+ 34.
Ke2 Rxe1+ 35. Kxe1 Ke6 36. Ke2 Rh8 37. Ke3 Rh2 38. cxd5+ cxd5 39. Rd4 Rh1 40.
Ra4 a6 41. Rb4 Re1+ 42. Kd2 Ra1 43. a4 Kd6 44. f5 Ke5 45. f6 Kxf6 46. Rxb7 Ke5
47. Rg7 Ra2+ 48. Ke1 Rb2 49. Rxg4 Rxb3 50. Rg6 d4 51. Rxa6 d3 52. Ra5+ Kd4 53.
Rb5 Ra3 54. Rb2 Rxa4 55. Kd2 Ra1 56. Rb4+ Ke5 57. Rb5+ Kf6 58. Ke3 Re1+ 59. Kf4
d2 0-1

[Event "Scarborough CC Jack Frost"]
[Site "Toronto CAN"]
[Date "2010.02.04"]
[Round "5"]
[White "Ugodnikov, Arkadiy"]
[Black "Paterson, Jim"]
[Result "1/2-1/2"]
[WhiteElo "1839"]
[BlackElo "1877"]
[PlyCount "84"]
[EventDate "2010.01.07"]
[EventType "swiss"]
[EventRounds "6"]
[EventCountry "CAN"]

1. e4 e6 2. d4 d5 3. Nd2 c5 4. exd5 Qxd5 5. Ngf3 cxd4 6. Bc4 Qd6 7. O-O Nc6 8.
Bb5 Bd7 9. Nb3 Nf6 10. Nbxd4 Nxd4 11. Bxd7+ Qxd7 12. Qxd4 Be7 13. Bg5 Qxd4 14.
Nxd4 a6 15. Rad1 h6 16. Bc1 O-O 17. Rfe1 Rfe8 18. c4 Rac8 19. b3 Bb4 20. Bd2
Bc5 21. Nf3 Ng4 22. Rf1 Red8 23. h3 Nf6 24. Ba5 b6 25. Bc3 Ne4 26. Bd4 Bxd4 27.
Rxd4 Nc3 28. Rxd8+ Rxd8 29. Ra1 f6 30. Kf1 a5 31. Ke1 Kf7 32. a3 Ne4 33. Ke2 e5
34. Rc1 Ke6 35. b4 axb4 36. axb4 Rc8 37. Ke3 Nd6 38. Nd2 f5 39. g3 g5 40. f3 h5
41. Kf2 Ra8 42. Rc2 Rc8 1/2-1/2

[Event "Scarborough CC Jack Frost"]
[Site "Toronto CAN"]
[Date "2010.02.04"]
[Round "5"]
[White "Wu, Kevin"]
[Black "Bao, Stephen"]
[Result "1-0"]
[WhiteElo "1917"]
[BlackElo "1534"]
[PlyCount "43"]
[EventDate "2010.01.07"]
[EventType "swiss"]
[EventRounds "6"]
[EventCountry "CAN"]

1. e4 c5 2. Nf3 d6 3. d4 cxd4 4. Nxd4 Nf6 5. Nc3 a6 6. Bg5 e6 7. f4 Be7 8. Qf3
Nbd7 9. O-O-O Qc7 10. Bd3 Nc5 11. Rhe1 e5 12. Nf5 Bxf5 13. exf5 Nxd3+ 14. Rxd3
Rc8 15. Re2 O-O 16. g4 b5 17. Bxf6 Bxf6 18. Nd5 Qc6 19. g5 Bd8 20. f6 Qc5 21.
Qg2 Re8 22. Rc3 1-0

[Event "Scarborough CC Jack Frost"]
[Site "Toronto CAN"]
[Date "2010.02.11"]
[Round "6"]
[White "Bellomo, Joe"]
[Black "Azmitia, Gabriel"]
[Result "1-0"]
[WhiteElo "1748"]
[BlackElo "1526"]
[PlyCount "87"]
[EventDate "2010.01.07"]
[EventType "swiss"]
[EventRounds "6"]
[EventCountry "CAN"]

1. e4 c5 2. Nf3 e6 3. d4 cxd4 4. Nxd4 a6 5. Nc3 Qc7 6. Be2 d6 7. O-O Nd7 8. Be3
Ngf6 9. f4 Be7 10. Bf3 O-O 11. Qe2 e5 12. Nf5 Bd8 13. Rad1 d5 14. exd5 Nb6 15.
d6 Qd7 16. Ne7+ Bxe7 17. dxe7 Qxe7 18. Bxb6 Qb4 19. Bf2 exf4 20. Nd5 Nxd5 21.
Bxd5 Bf5 22. c3 Qa4 23. Bd4 Rae8 24. Qf2 Rd8 25. Bb3 Qb5 26. Qxf4 Bg6 27. Qg3
Rd7 28. h4 a5 29. Rde1 a4 30. Re5 Qd3 31. Qxd3 Bxd3 32. Bxa4 Rc7 33. Rfe1 Rcc8
34. Re7 b5 35. Bb3 Bc4 36. Bxc4 bxc4 37. Rb7 Rfe8 38. Rxe8+ Rxe8 39. Kf2 f6 40.
a4 Ra8 41. Rb4 Rc8 42. a5 Rc6 43. Rb6 Re6 44. Rxe6 1-0

[Event "Scarborough CC Jack Frost"]
[Site "Toronto CAN"]
[Date "2010.02.11"]
[Round "6"]
[White "Bzikot, Robert"]
[Black "Rutherdale, William"]
[Result "1-0"]
[WhiteElo "1916"]
[BlackElo "1737"]
[PlyCount "85"]
[EventDate "2010.01.07"]
[EventType "swiss"]
[EventRounds "6"]
[EventCountry "CAN"]

1. e4 e5 2. Nf3 Nc6 3. Bb5 a6 4. Ba4 Nf6 5. O-O Be7 6. Re1 b5 7. Bb3 d6 8. h3
Na5 9. d4 Nxb3 10. axb3 exd4 11. Nxd4 Bb7 12. Nf5 O-O 13. Bg5 Qd7 14. Nxe7+
Qxe7 15. Qd4 Qe5 16. Bxf6 gxf6 17. Qc3 Rac8 18. Nd2 Qxc3 19. bxc3 Kg7 20. Nf1
Rfe8 21. Ng3 Re5 22. Kf1 Rce8 23. f3 Bc8 24. Red1 Rc5 25. Rd3 Ree5 26. f4 Re8
27. Kf2 Kg6 28. Re3 Rc6 29. Nf5 Rb6 30. Rae1 h6 31. Rg3+ Kh7 32. Rg7+ Kh8 33.
Rxf7 Bxf5 34. exf5 Rxe1 35. Kxe1 Rc6 36. Kd2 d5 37. Re7 Kg8 38. Re6 Rxe6 39.
fxe6 f5 40. g4 fxg4 41. hxg4 Kg7 42. b4 Kf6 43. f5 1-0

[Event "Scarborough CC Jack Frost"]
[Site "Toronto CAN"]
[Date "2010.02.11"]
[Round "6"]
[White "Cale, Ferdinand"]
[Black "Ugodnikov, Arkadiy"]
[Result "1-0"]
[WhiteElo "1568"]
[BlackElo "1839"]
[PlyCount "55"]
[EventDate "2010.01.07"]
[EventType "swiss"]
[EventRounds "6"]
[EventCountry "CAN"]

1. c4 Nf6 2. e3 g6 3. Nc3 d5 4. d4 Bg7 5. Bd2 O-O 6. Qb3 c6 7. cxd5 cxd5 8. h3
b6 9. Bd3 Bb7 10. Nge2 Nc6 11. Bb5 a6 12. Bxc6 Bxc6 13. Ng3 Re8 14. f4 e6 15.
Kf2 Ne4+ 16. Ngxe4 dxe4 17. a4 Rb8 18. Qd1 g5 19. g3 gxf4 20. gxf4 Qh4+ 21. Kf1
Kh8 22. Qg4 Qe7 23. Ne2 Rg8 24. Qg5 Bf6 25. Qh5 Bd5 26. Rc1 Rbc8 27. Rc3 Rxc3
28. Bxc3 1-0

[Event "Scarborough CC Jack Frost"]
[Site "Toronto CAN"]
[Date "2010.02.11"]
[Round "6"]
[White "Dimou, Tom"]
[Black "Philip, Andrew"]
[Result "1-0"]
[WhiteElo "1458"]
[BlackElo "1612"]
[PlyCount "59"]
[EventDate "2010.01.07"]
[EventType "swiss"]
[EventRounds "6"]
[EventCountry "CAN"]

1. e4 d5 2. exd5 Qxd5 3. Nc3 Qd6 4. Nf3 Nf6 5. g3 c6 6. Bg2 Bf5 7. d3 e6 8. O-O
Qc7 9. Re1 Bd6 10. Bg5 Nbd7 11. Qd2 O-O-O 12. a3 Rde8 13. b4 a6 14. Reb1 e5 15.
a4 b6 16. b5 cxb5 17. axb5 a5 18. Be3 Bb4 19. Rxb4 axb4 20. Ra8+ Nb8 21. Na4
Nd5 22. Nh4 Nxe3 23. Qxe3 Bd7 24. Nxb6+ Kd8 25. Nd5 Qd6 26. Qa7 Bc8 27. Rxb8 g6
28. b6 Qc5 29. b7 Qxa7 30. bxc8=Q# 1-0

[Event "Scarborough CC Jack Frost"]
[Site "Toronto CAN"]
[Date "2010.02.13"]
[Round "6"]
[White "Douglas, Richard"]
[Black "Hall, John"]
[Result "0-1"]
[WhiteElo "1870"]
[BlackElo "2260"]
[PlyCount "54"]
[EventDate "2010.01.07"]
[EventType "swiss"]
[EventRounds "6"]
[EventCountry "CAN"]

1. e4 d6 2. Bc4 Nf6 3. Qe2 e5 4. h3 g6 5. c3 Bg7 6. Nf3 O-O 7. d4 exd4 8. Bg5
h6 9. Bxf6 Qxf6 10. cxd4 Nc6 11. Nc3 Nxd4 12. Nxd4 Qxd4 13. O-O Be6 14. Bxe6
fxe6 15. Rac1 a6 16. a3 Rf7 17. Rfd1 Qe5 18. Na4 Raf8 19. Rc2 b5 20. Nc3 Qg5
21. Rd3 Be5 22. Nd1 c5 23. Ne3 Rxf2 24. Qxf2 Rxf2 25. Rxf2 c4 26. Rdd2 Qxe3 27.
Rde2 Qc1+ 0-1

[Event "Scarborough CC Jack Frost"]
[Site "Toronto CAN"]
[Date "2010.02.11"]
[Round "6"]
[White "Farrant-Diaz, Nathan"]
[Black "Kurkowski, Ken"]
[Result "1/2-1/2"]
[WhiteElo "1696"]
[BlackElo "1626"]
[PlyCount "62"]
[EventDate "2010.01.07"]
[EventType "swiss"]
[EventRounds "6"]
[EventCountry "CAN"]

1. e4 d5 2. exd5 Qxd5 3. Nc3 Qd6 4. d4 Nf6 5. Nf3 c6 6. Bc4 Bg4 7. Be3 e6 8.
O-O Nbd7 9. h3 Bh5 10. Qe2 O-O-O 11. a4 h6 12. h4 g5 13. hxg5 hxg5 14. g3 g4
15. Ng5 Nd5 16. Nxd5 exd5 17. Bf4 Qf6 18. Bd3 Bh6 19. Qd2 Bg6 20. Bxg6 Qxg6 21.
Kg2 Bxg5 22. Bxg5 Qe4+ 23. f3 gxf3+ 24. Rxf3 Rde8 25. Raf1 Qg4 26. Kg1 Qh3 27.
Qg2 Qxg2+ 28. Kxg2 Re2+ 29. R1f2 Rxf2+ 30. Rxf2 Rg8 31. Be7 Rg7 1/2-1/2

[Event "Scarborough CC Jack Frost"]
[Site "Toronto CAN"]
[Date "2010.02.11"]
[Round "6"]
[White "Garel, Rick"]
[Black "Takov, Chris"]
[Result "1/2-1/2"]
[WhiteElo "1954"]
[BlackElo "1734"]
[PlyCount "110"]
[EventDate "2010.01.07"]
[EventType "swiss"]
[EventRounds "6"]
[EventCountry "CAN"]

1. e4 e5 2. f4 exf4 3. Nf3 Be7 4. h4 f5 5. Nc3 fxe4 6. Nxe4 d5 7. Nf2 Nh6 8. d4
O-O 9. Bd3 Ng4 10. Nxg4 Bxg4 11. Bxh7+ Kxh7 12. Ng5+ Bxg5 13. hxg5+ Kg6 14.
Qxg4 Qxg5 15. Qxg5+ Kxg5 16. g3 Nc6 17. Bxf4+ Kg6 18. c3 Rae8+ 19. Kd2 Na5 20.
b3 c6 21. Rae1 b5 22. Rxe8 Rxe8 23. Bc7 Nb7 24. Be5 c5 25. Rh4 cxd4 26. cxd4
Re7 27. Rg4+ Kh6 28. Bf4+ Kh7 29. Rg5 Rd7 30. Be5 Nd8 31. Rg4 Re7 32. Rh4+ Kg8
33. Rg4 Nc6 34. Bd6 Rf7 35. Ke3 Rf5 36. Rf4 Rf6 37. Rxf6 gxf6 38. Bc5 a5 39.
Kf4 a4 40. bxa4 bxa4 41. g4 Kf7 42. g5 Nd8 43. gxf6 Kxf6 44. Ke3 Kf5 45. Kd3
Kf4 46. a3 Kf3 47. Be7 Ne6 48. Kc3 Ke4 49. Bf6 Nf4 50. Kb4 Ne6 51. Kc3 Ke3 52.
Be5 Nd8 53. Kb4 Ne6 54. Kc3 Ke4 55. Bh8 Ke3 1/2-1/2

[Event "Scarborough CC Jack Frost"]
[Site "Toronto CAN"]
[Date "2010.02.11"]
[Round "6"]
[White "Hacatoglu, Kevork"]
[Black "Haziprodromu, Sam"]
[Result "1-0"]
[WhiteElo "2209"]
[BlackElo "1916"]
[PlyCount "33"]
[EventDate "2010.01.07"]
[EventType "swiss"]
[EventRounds "6"]
[EventCountry "CAN"]

1. e4 e5 2. Nf3 Nc6 3. Bc4 Nf6 4. d4 exd4 5. O-O Nxe4 6. Re1 d5 7. Bxd5 Qxd5 8.
Nc3 Qh5 9. Nxe4 Be6 10. Bg5 h6 11. Bf6 Qf5 12. Nxd4 Nxd4 13. Qxd4 gxf6 14.
Nxf6+ Ke7 15. Nd5+ Qxd5 16. Qxd5 Bg7 17. Rad1 1-0